[Event "Moscow IM 09"]
[Site "Moscow"]
[Date "2013.09.16"]
[Round "5"]
[White "Korovin, Igor"]
[Black "Pasalic, Harun"]
[Result "0-1"]
[WhiteElo "2176"]
[BlackElo "2212"]
[PlyCount "107"]
[EventDate "2013.09.11"]
[EventType "tourn"]
[EventRounds "9"]
[EventCountry "RUS"]
[EventCategory "2"]
[SourceTitle "EXT 2014"]
[Source "ChessBase"]
[SourceDate "2013.11.20"]
[SourceVersion "1"]
[SourceVersionDate "2013.11.20"]
[SourceQuality "1"]

1. e4 c5 2. Nf3 g6 3. d4 cxd4 4. Nxd4 Bg7 5. Nc3 Nc6 6. Be3 Nf6 7. Bc4 0-0 8. f3 Qb6 9. Qd2 Nxe4 10. fxe4 Bxd4 11. Bxd4 Qxd4 12. Qxd4 Nxd4 13. 0-0-0 Nc6 14. h4 h5 15. g4 hxg4 16. h5 Ne5 17. Bb3 Rb8 18. Nd5 e6 19. Nf6+ Kg7 20. Rdf1 Rh8 21. hxg6 Rxh1 22. Ne8+ Kxg6 23. Rxh1 b6 24. Kd2 Ba6 25. Rh8 f6 26. Ke3 Bb5 27. Kf4 d5 28. Rg8+ Kf7 29. Nxf6 Rxg8 30. Nxg8 Ng6+ 31. Kxg4 Kxg8 32. exd5 exd5 33. Bxd5+ Kf8 34. Kf5 Ne7+ 35. Ke6 Ke8 36. Bf3 Kd8 37. b3 Bd7+ 38. Kd6 Nc8+ 39. Ke5 b5 40. Kd5 Kc7 41. Kc5 Nd6 42. Bd5 Be8 43. c4 bxc4 44. Bxc4 Nb7+ 45. Kb4 Kb6 46. a4 a5+ 47. Kc3 Kc5 48. Bg8 Nd6 49. Bh7 Bd7 50. Bd3 Bf5 51. Bc4 Ne4+ 52. Kb2 Kb4 53. Ka2 Nc5 54. Kb2 0-1

[Event "Moscow IM 09"]
[Site "Moscow"]
[Date "2013.09.12"]
[Round "2"]
[White "Korovin, Igor"]
[Black "Kostin, Konstantin"]
[Result "0-1"]
[WhiteElo "2176"]
[BlackElo "2301"]
[PlyCount "78"]
[EventDate "2013.09.11"]
[EventType "tourn"]
[EventRounds "9"]
[EventCountry "RUS"]
[EventCategory "2"]
[SourceTitle "EXT 2014"]
[Source "ChessBase"]
[SourceDate "2013.11.20"]
[SourceVersion "1"]
[SourceVersionDate "2013.11.20"]
[SourceQuality "1"]

1. e4 c5 2. Nc3 a6 3. f4 b5 4. Nf3 Bb7 5. d3 e6 6. g3 Be7 7. Bg2 b4 8. Ne2 Nc6 9. Be3 Nf6 10. h3 c4 11. 0-0 cxd3 12. cxd3 0-0 13. g4 d5 14. e5 Nd7 15. d4 f6 16. f5 exf5 17. Nf4 fxg4 18. Ne6 gxf3 19. Nxd8 fxg2 20. Rf2 Nxd8 21. Rxg2 Ne6 22. Bh6 f5 23. Qh5 Kh8 24. Kh1 Nxe5 25. Re1 Bf6 26. dxe5 Be7 27. Kh2 d4 28. Rg3 Rac8 29. Re2 Bd5 30. Rf2 gxh6 31. Rxf5 Rxf5 32. Qxf5 Rf8 33. Qd3 Bg5 34. Kg1 Bf4 35. Rg2 Be3+ 36. Kh2 Nf4 37. Qxa6 Bxg2 38. Qxh6 Ng6 39. Qh5 Bf3 0-1